| 000 | 00544nam a2200217Ia 4500 | ||
|---|---|---|---|
| 003 | OSt | ||
| 005 | 20140405093209.0 | ||
| 008 | 140130s9999 xx 000 0 und d | ||
| 020 | _a9780439853774 | ||
| 050 |
_aPZ 8.3 _b.Ar584Bo 2006 |
||
| 100 |
_aArchambault, John. _930871 |
||
| 245 |
_cJohn Archambault. _aBoom chicka rock / |
||
| 260 |
_bScholastic Inc, _cc2002. _aUSA : |
||
| 300 |
_a30 p. : _bill. col. ; _c28 cm. |
||
| 440 |
_v1 _930872 |
||
| 521 | _aBR | ||
| 526 | _cBR | ||
| 942 |
_cBK _2lcc |
||
| 999 |
_c41578 _d41578 |
||